01534nam a2200313 a 450000100100000000500170001000800410002702000180006804000250008608200210011110000400013224501570017226000620032930000210039149000300041250000730044250400320051559000260054765000260057365000570059965000310065665000620068783000390074991000370078895201190082595201250094495201340106999900170120300003613120200930074914.0111214s2011 dr 001 0 spa d a9789993446156 aDO-SdBNPbspacBNPHU a467.97293bM316d1 aMarchena Segura, Ana,d1965-96216613aLa doble negación del español dominicano :bla interfaz lingüística, dialectal y social /cAna Marchena Segura; prólogo Luis A. Ortiz López. aSanto Domingo :bAcademia Dominicana de la Lengua,c2011. a160 p. ;c24 cm.1 aTemas lingüísticosv5 aIncluye datos biográficos de la autora en la solapa de la cubierta aBibliografía : p. 127-139 aInventariado, 2018/LP 4aDominicanismos913083 4aEspañol en república dominicanaxHistoria937468 4aEspañolxGramatica93475 4aEspañolxProvincialismoszRepública Dominicana937486 0aTemas lingüísticos ;n5962167 aValidado. Control de calidad EMS 0010718PDaPDbPDcHDd2011-12-14iLF1l0o467.97293 M316dp36131-10r2020-06-25w2020-06-25yLFPDZNo se presta 0010718PDaPDbPDcHDd2011-12-14iLF1l0o467.97293 M316dp36131-20r2020-06-25te. 2w2020-06-25yLFPDZNo se presta 001054708DSaPDbPDcHDd2011-12-14iLF1l0o467.97293 M316dp36131-30r2020-06-25te. 3w2020-06-25yLFDSZPréstamo en sala c35622d35622